Loading...
Law of Industrial disputes in India /
| Hovedforfatter: | |
|---|---|
| Sprog: | Undetermined |
| Udgivet: |
1964
|
| Udgivelse: | 2nd ed. |
| LEADER | 00391nam a2200133Ia 4500 | ||
|---|---|---|---|
| 001 | 105123 | ||
| 008 | 170722s9999 xx 000 0 und d | ||
| 100 | |a Rustamji, Rf | ||
| 245 | |a Law of Industrial disputes in India / | ||
| 250 | |a 2nd ed. | ||
| 260 | |c 1964 | ||
| 942 | |c GEN | ||
| 999 | |c 801 |d 801 | ||
| 952 | |0 1 |1 0 |4 0 |6 X_979CZ2_K4 |7 0 |9 919 |a LIB |b LIB |d 2017-08-12 |o X:979C:(Z2) K4 |p 104228 |r 2017-08-12 |w 2017-08-12 |y GEN | ||